000 00824nam a2200253Ia 4500
003 OSt
005 20220923223611.0
006 a|||||r|||| 00| 0
007 ta
008 220922b |||||||| |||| 00| 0 hin d
024 _a219,029
037 _cTextual
040 _aARTS
_cARTS
_bhin
041 _2hin
_ahin
082 _aO152,1N265x, K7
100 _aभटनागर, महेन्द्र
_9156292
245 0 _aबूदँ नेह की दीप हृदय का
246 _aBūdaँ neh kī dīp hṛudaya kā
260 _aदिल्ली
_b नेशनल
_c1967
300 _a104i`
_ccm.
650 _aहिन्दी साहित्य
_9156264
942 _hO152,1N265x, K7
_cTEXL
_2CC
999 _c366363
_d366363